Tapered roller bearing and parts thereof, and certain housings incorporating tapered rollers from Hungary, Italy, Japan, the people's republic of China, Romania, and Ygoslavia
Saved in:
| Format: | Book |
|---|---|
| Language: | Undetermined |
| Published: |
Washington
United States International Trade Commission
1930
|
| Subjects: | |
| Tags: |
Add Tag
No Tags, Be the first to tag this record!
|
| Institutions: | Trung tâm Học liệu Trường Đại học Cần Thơ |
|---|
| LEADER | 00590nam a2200157Ia 4500 | ||
|---|---|---|---|
| 001 | CTU_96457 | ||
| 008 | 210402s9999 xx 000 0 und d | ||
| 082 | |a 382 | ||
| 082 | |b T172 | ||
| 245 | 0 | |a Tapered roller bearing and parts thereof, and certain housings incorporating tapered rollers from Hungary, Italy, Japan, the people's republic of China, Romania, and Ygoslavia | |
| 260 | |a Washington | ||
| 260 | |b United States International Trade Commission | ||
| 260 | |c 1930 | ||
| 650 | |a Bearing industry,Commerce | ||
| 904 | |i Năm | ||
| 980 | |a Trung tâm Học liệu Trường Đại học Cần Thơ | ||